10 Most Populated Asian Countries in 1950 - Statistics

General Stats
  • This quiz has been taken 243 times
  • The average score is 9 of 10
Answer Stats
Population Country % Correct
562,580,000 China
100%
369,881,000 India
100%
82,979,000 Indonesia
98%
83,806,000 Japan
98%
40,383,000 Pakistan
94%
25,349,000 Vietnam
91%
21,132,000 Philippines
84%
20,846,000 South Korea
83%
45,646,000 Bangladesh
82%
26,503,000 Russia
81%
No matching quizzes found
Score Distribution
Percent of People with Each Score
Percentile by Number Answered
Your Score History
You have not taken this quiz